00494nam a2200145Ia 4500003000900000008004100009040001600050080001600066110003800082245015100120260002900271300001200300650001700312650001900329IN-BaIIA211028s9999 xx 000 0 eng d cIIA Library a038:41bACA aGermany. Academia pro interlingua 0aKey to interlingua or latin without inflections, to be used as an auxiliary language between peoples of different mothercAcademia pro interlingua aLondonbKegan Paulc1931 av, 78p. aDictionaries aNASA Thesaurus